Mais gols Barcelona - Statistics

Estatísticas Gerais
  • Esse quiz foi jogado 182 vezes
  • A pontuação média é 3 de 10
Estatísticas das Respostas
Gols Nacionalidade Período Jogador % Correto
672 Arg 2004-2021 Lionel Messi
100%
198 Uru 2014-2020 Luis Suárez
94%
130 Bra 1997-2002 Rivaldo
74%
131 Cam 2004-2009 Samuel Eto'o
65%
194 Hun 1950–1961 László Kubala
6%
232 Esp 1942–1955 Cézar Rodríguez
2%
143 Fil/Esp 1912–1927 Paulino Alcántara
2%
167 Esp 1934–1937 e 1940–1948 Josep Escolà
1%
184 Esp 1918-1933 Josep Samitier
1%
128 Esp 1940–1948 Mariano Martin
1%
Nenhum quiz correspondente encontrado
Distribuição das Pontuações
Porcentagem de Pessoas com Cada Pontuação
Percentil de Números Respondidos
Sua Pontuação Histórica
Você não jogou esse quiz